A Series of Unfortunate Events Trivia - Statistics

General Stats
  • This quiz has been taken 416 times
  • The average score is 24 of 53
Answer Stats
Question Answer % Correct
Banker Mr. Poe
86%
Killed by venom Uncle Monty
82%
Triplets Quagmires
75%
Faked Suicide Aunt Josephine
71%
Book the First The Bad Beginning
70%
Secret Organization V.F.D.
70%
Crowding Animals Crows
69%
Book the Second The Reptile Room
66%
Book 3 Disguise Captain Sham
65%
Mean Girl Carmelita Spats
64%
Book the Third The Wide Window
64%
Book 6 Caretaker Esme Squalor
63%
Book the Thirteenth The End
62%
Woman constantly refered to Beatrice
61%
Book the Seventh The Vile Village
61%
Vice Principal Nero
57%
Book 2 Disguise Stephano
57%
Book the Fifth The Austere Academy
57%
Beach Briny Beach
55%
Book the Sixth The Ersatz Elevator
55%
Book the Fourth The Miserable Mill
55%
Fortune Teller Madame Lulu
54%
Book the Eighth The Hostile Hospital
54%
Book the Eleventh The Grim Grotto
52%
Book the Twelfth The Penultimate Peril
52%
Person met in the mountains Quigley
51%
Book the Ninth The Carnivorous Carnival
51%
Book the Tenth The Slippery Slope
50%
Why Klaus tried to kill Charles He was hypnotized
45%
Weapon Harpoon Gun
41%
Cure for fungus Horseradish
37%
Book 13 Disguise Kit Snicket
37%
Mycologist Fiona
36%
Containment vessel Sugar bowl
36%
Playwright Al Funcoot
35%
Sub-sub-librarian Dewey Denouement
34%
Book 4 Disguise Shirley
33%
Book 5 Disguise Coach Genghis
32%
Mr. Remora eats Bananas
31%
Ambidextrous Kevin
31%
Hiding Place Curdled Cave
30%
File Snicket File
28%
Facilitator with hurt feet Ishmael
27%
Hook-handed man Fernald
25%
Book 6 Disguise Gunther
25%
Person who firsts finds them Friday
24%
Fungus Medusoid Mycelium
23%
Hotel Hotel Denouement
22%
Book 7 Disguise Detective Dupin
20%
Snake Mamba du Mal
18%
Submarine Queequeg
17%
Book 8 Disguise Mattathias
13%
Islanders' drink Coconut Cordial
12%
No matching quizzes found
Score Distribution
Percent of People with Each Score
Percentile by Number Answered
Your Score History
You have not taken this quiz